<?xml version="1.0" encoding="UTF-8"?>
<record
    xmlns:xsi="http://www.w3.org/2001/XMLSchema-instance"
    xsi:schemaLocation="http://www.loc.gov/MARC21/slim http://www.loc.gov/standards/marcxml/schema/MARC21slim.xsd"
    xmlns="http://www.loc.gov/MARC21/slim">

  <leader>01400nam a22001577a 4500</leader>
  <datafield tag="999" ind1=" " ind2=" ">
    <subfield code="c">26623</subfield>
    <subfield code="d">26623</subfield>
  </datafield>
  <datafield tag="020" ind1=" " ind2=" ">
    <subfield code="a">9780124171121</subfield>
  </datafield>
  <datafield tag="082" ind1=" " ind2=" ">
    <subfield code="a">025</subfield>
    <subfield code="b">XIE-D</subfield>
  </datafield>
  <datafield tag="100" ind1=" " ind2=" ">
    <subfield code="a">Xie, Iris</subfield>
  </datafield>
  <datafield tag="100" ind1=" " ind2=" ">
    <subfield code="a">Matusiak, Krystyna</subfield>
  </datafield>
  <datafield tag="245" ind1=" " ind2=" ">
    <subfield code="a">Discover Digital Libraries</subfield>
    <subfield code="b">Theory And Practise</subfield>
  </datafield>
  <datafield tag="260" ind1=" " ind2=" ">
    <subfield code="a">Amesterdam</subfield>
    <subfield code="b">Elsevier</subfield>
    <subfield code="c">2016</subfield>
  </datafield>
  <datafield tag="300" ind1=" " ind2=" ">
    <subfield code="a">388,pp.</subfield>
  </datafield>
  <datafield tag="520" ind1=" " ind2=" ">
    <subfield code="a">Discover Digital Libraries: Theory and Practice is a book that integrates both research and practice concerning digital library development, use, preservation, and evaluation. The combination of current research and practical guidelines is a unique strength of this book. The authors bring in-depth expertise on different digital library issues and synthesize theoretical and practical perspectives relevant to researchers, practitioners, and students. The book presents a comprehensive overview of the different approaches and tools for digital library development, including discussions of the social and legal issues associated with digital libraries. Readers will find current research and the best practices of digital libraries, providing both US and international perspectives on the development of digital libraries and their components, including collection, digitization, metadata, interface design, sustainability, preservation, retrieval, and evaluation of digital libraries. </subfield>
  </datafield>
  <datafield tag="650" ind1=" " ind2=" ">
    <subfield code="a">Digital libraries</subfield>
    <subfield code="v">Library materials--Digitization</subfield>
  </datafield>
  <datafield tag="942" ind1=" " ind2=" ">
    <subfield code="2">ddc</subfield>
    <subfield code="c">BK</subfield>
  </datafield>
  <datafield tag="952" ind1=" " ind2=" ">
    <subfield code="0">0</subfield>
    <subfield code="1">0</subfield>
    <subfield code="4">0</subfield>
    <subfield code="7">0</subfield>
    <subfield code="a">NASSDOC</subfield>
    <subfield code="b">NASSDOC</subfield>
    <subfield code="d">2021-03-01</subfield>
    <subfield code="e">Overseas Press India Private Limited</subfield>
    <subfield code="g">4113.42</subfield>
    <subfield code="i">2021-02-22</subfield>
    <subfield code="l">0</subfield>
    <subfield code="o">025 XIE-D</subfield>
    <subfield code="p">51343</subfield>
    <subfield code="r">2021-03-03 00:00:00</subfield>
    <subfield code="v">5876.32</subfield>
    <subfield code="w">2021-03-03</subfield>
    <subfield code="y">BK</subfield>
  </datafield>
</record>
